| 000 | 00345 a2200157 4500 | ||
|---|---|---|---|
| 003 | Nust | ||
| 005 | 20170207153448.0 | ||
| 040 | _cNust | ||
| 082 | _a954.91 | ||
| 100 | _aK. U. Kureshy | ||
| 245 | _aA geography of pakistan | ||
| 250 | _a3rd | ||
| 260 |
_aKarachi _bOxford universty press _c1972 |
||
| 300 | _a262 | ||
| 650 | _aA geography of pakistan | ||
| 942 |
_2ddc _cBK |
||
| 999 |
_c186723 _d186723 |
||